|
|
|
|
| LEADER |
00000cam a22000004a 4500 |
| 001 |
musev2_28658 |
| 003 |
MdBmJHUP |
| 005 |
20230905043032.0 |
| 006 |
m o d |
| 007 |
cr||||||||nn|n |
| 008 |
131207t20132013utu o 00 0 eng d |
| 020 |
|
|
|a 9780874219319
|
| 020 |
|
|
|z 9780874219302
|
| 035 |
|
|
|a (OCoLC)870228444
|
| 040 |
|
|
|a MdBmJHUP
|c MdBmJHUP
|
| 100 |
1 |
|
|a Powell, Pegeen Reichert,
|d 1970-
|
| 245 |
1 |
0 |
|a Retention and Resistance :
|b Writing Instruction and Students Who Leave /
|c Pegeen Reichert Powell.
|
| 264 |
|
1 |
|a Logan :
|b Utah State University Press,
|c [2013]
|
| 264 |
|
3 |
|a Baltimore, Md. :
|b Project MUSE,
|c 2014
|
| 264 |
|
4 |
|c ©[2013]
|
| 300 |
|
|
|a 1 online resource (156 pages).
|
| 336 |
|
|
|a text
|b txt
|2 rdacontent
|
| 337 |
|
|
|a computer
|b c
|2 rdamedia
|
| 338 |
|
|
|a online resource
|b cr
|2 rdacarrier
|
| 505 |
0 |
|
|a Acknowledgments; Introduction: Paying Attention to the Discourse of Retention in Higher Education; 1. A Story of Retention Research; 2. The Seduction and Betrayal of the Discourse of Retention; 3. The Possibility of Failure; 4. Beyond Retention; References; About the Author; Index.
|
| 520 |
|
|
|a "Retention and Resistance combines personal student narratives with a critical analysis of the current approach to retention in colleges and universities, and explores how retention can inform a revision of goals for first-year writing teachers. Retention is a vital issue for institutions, but as these students' stories show, leaving college is often the result of complex and idiosyncratic individual situations that make institutional efforts difficult and ultimately ineffective. An adjustment of institutional and pedagogical objectives is needed to refocus on educating as many students as possible, including those who might leave before graduation. Much of the pedagogy, curricula, and methodologies of composition studies assume students are preparing for further academic study. Retention and Resistance argues for a new kairotic pedagogy that moves toward an emphasis on the present classroom experience and takes students' varied experiences into account. Infusing the discourse of retention with three individual student voices, Powell explores the obligation of faculty to participate in designing an institution that educates all students, no matter where they are in their educational journey or how far that journey will go"--
|c Provided by publisher
|
| 588 |
|
|
|a Description based on print version record.
|
| 650 |
|
7 |
|a Dropout behavior, Prediction of.
|2 fast
|0 (OCoLC)fst00898360
|
| 650 |
|
7 |
|a College dropouts
|x Research.
|2 fast
|0 (OCoLC)fst00867774
|
| 650 |
|
7 |
|a College dropouts
|x Prevention.
|2 fast
|0 (OCoLC)fst00867771
|
| 650 |
|
7 |
|a College dropouts.
|2 fast
|0 (OCoLC)fst00867768
|
| 650 |
|
7 |
|a College attendance.
|2 fast
|0 (OCoLC)fst00867707
|
| 650 |
|
7 |
|a LANGUAGE ARTS & DISCIPLINES
|x Composition & Creative Writing.
|2 bisacsh
|
| 650 |
|
6 |
|a Prediction du comportement des decrocheurs
|v Guides, manuels, etc.
|
| 650 |
|
6 |
|a Effectifs etudiants
|z États-Unis.
|
| 650 |
|
0 |
|a College dropouts
|x Research
|z United States.
|
| 650 |
|
0 |
|a Dropout behavior, Prediction of
|v Handbooks, manuals, etc.
|
| 650 |
|
0 |
|a College dropouts
|z United States
|v Handbooks, manuals, etc.
|
| 650 |
|
0 |
|a College attendance
|z United States.
|
| 650 |
|
0 |
|a College dropouts
|z United States
|x Prevention.
|
| 651 |
|
7 |
|a United States.
|2 fast
|0 (OCoLC)fst01204155
|
| 655 |
|
7 |
|a Handbooks and manuals.
|2 lcgft
|
| 655 |
|
7 |
|a Handbooks and manuals.
|2 fast
|0 (OCoLC)fst01423877
|
| 655 |
|
7 |
|a Electronic books.
|2 local
|
| 710 |
2 |
|
|a Project Muse.
|e distributor
|
| 830 |
|
0 |
|a Book collections on Project MUSE.
|
| 856 |
4 |
0 |
|z Texto completo
|u https://projectmuse.uam.elogim.com/book/28658/
|
| 945 |
|
|
|a Project MUSE - Custom Collection
|
| 945 |
|
|
|a Project MUSE - 2014 Higher Education
|
| 945 |
|
|
|a Project MUSE - 2014 Complete
|